Statystyki dla Państwa świata bez profesjonalnej ligi piłkarskich

Kliknij tutaj aby rozwiązać quiz!

Ogólne statystyki

  • Ten quiz został rozwiązany 30 razy
  • Średni wynik to 27 z 85

Statystyki odpowiedzi

Odpowiedź% Poprawnych
Watykan
75%
Wielka Brytania
63%
Monako
58%
Kiribati
54%
Seszele
50%
Wyspy Marshalla
50%
Lesotho
46%
Madagaskar
46%
Malediwy
46%
Mikronezja
46%
Nauru
46%
Niger
46%
Palau
46%
Wyspy Salomona
46%
Mali
42%
Mauretania
42%
Tuvalu
42%
Vanuatu
42%
Czad
38%
Demokratyczna Republika Konga
38%
Dominika
38%
Haiti
38%
Kenia
38%
Komory
38%
Mauritius
38%
Sudan
38%
Tonga
38%
Dominikana
33%
Etiopia
33%
Grenada
33%
Kongo
33%
Kuba
33%
Oman
33%
Samoa
33%
Sri Lanka
33%
Sudan południowy
33%
Surinam
33%
Belize
29%
Eswatini
29%
Gujana
29%
Gwinea
29%
Gwinea Bissau
29%
Jemen
29%
Korea Północna
29%
Libia
29%
Papua Nowa Gwinea
29%
Saint Kitts i Nevis
29%
Saint Lucia
29%
Sierra Leone
29%
Somalia
29%
Tanzania
29%
Afganistan
25%
Antigua i Barbuda
25%
Dżibuti
25%
Erytrea
25%
Gwinea Równikowa
25%
Liberia
25%
Namibia
25%
Rwanda
25%
Saint Vincent i Grenadyny
25%
Syria
25%
Togo
25%
Uganda
25%
Zimbabwe
25%
Barbados
21%
Benin
21%
Bhutan
21%
Botswana
21%
Burundi
21%
Gambia
21%
Irak
21%
Kamerun
21%
Republika Środkowoafrykańska
21%
Senegal
21%
Wybrzeże Kości Słoniowej
21%
Zambia
21%
Bahamy
17%
Burkina Faso
17%
Jordania
17%
Pakistan
17%
Bahrajn
13%
Nikaragua
13%
Gabon
8%
Kambodża
8%
Turkmenistan
4%

Rozkład punktacji

Percentyl według liczby udzielonych odpowiedzi

Procent ludzi z każdym wynikiem

Twoja historia wyników

Nie rozwiązałeś tego quizu